000 00688nam a22001937a 4500
005 20251108164933.0
008 250721s2000 xx 000 0 ara d
082 1 4 _a956.4056/حمد
100 1 _aالحمد، جواد
245 1 0 _aالمجازر الصهونية ضد الشعب الفلسطيني في الذاكرة الإنسانية /
250 _aط3.
264 1 _aعمان :
_bمركز دراسات الشرق الأوسط،
_c2000.
300 _a145ص.
650 1 7 _aالمجازر البشرية
650 1 7 _aالإنتفاضة الفلسطينية 1987-
650 1 7 _aالإحتلال الإسرائيلي لفلسطين 1948-
942 _2ddc
_cBK
999 _c17868
_d17868